000 01903nam1a2200325 i 4500
001 RU\NLR\bibl\1916674
005 20260408051653.0
035 _a(NLR Aleph) 001906163
090 _a3113621
_c3113621
100 _a20120622d2011 u y0rusy50 ca
101 0 _arus
102 _aRU
105 _a||||z |||||
200 1 _aАктуальные вопросы современной информатики
_eматериалы Международной заочной научно-практической конференции, 1-15 апреля 2011 года
_e[в 2 т.
_fредкол.: ... С.В. Алленов, к.ф.-м.н., доц. (отв. ред.) и др.]
210 _aКоломна
_cМосковский государственный областной социально-гуманитарный институт
_d2011
215 _d30
300 _aВ надзаг.: М-во образования и науки Рос. Федерации, М-во образования Моск. обл., ГОУ ВПО "Моск. гос. обл. социал.-гуманит. ин-т", Каф. информатики
320 _aБиблиогр. в конце ст.
463 0 _10011827831
463 0 _10011827843
606 _aИнформатика
_jСъезды, совещания и т.п.
_92081274
_3RU\NLR\auth\661257251
686 _aЗ973.233я431(0)
702 1 _aАлленов
_bС. В.
_gСергей Владимирович
_4340
711 1 2 _a"Актуальные вопросы современной информатики", международная заочная научно-практическая конференция
_f2011
_eКоломна
_3RU\NLR\AUTH\8810197320
_9283657
801 0 _aRU
_bNLR
_c20120622
_gRCR
801 1 _aRU
_bNLR
_c20120622
830 _aред. раскрыт по ЭК
852 _aNLR
_j2011-8/3112
942 _cBOOK